<?xml version="1.0" encoding="UTF-8"?>
<record
    xmlns:xsi="http://www.w3.org/2001/XMLSchema-instance"
    xsi:schemaLocation="http://www.loc.gov/MARC21/slim http://www.loc.gov/standards/marcxml/schema/MARC21slim.xsd"
    xmlns="http://www.loc.gov/MARC21/slim">

  <leader>03098nam a22003497a 4500</leader>
  <controlfield tag="005">20090217094631.0</controlfield>
  <controlfield tag="008">090217t        xxu||||| |||| 00| 0 eng d</controlfield>
  <datafield tag="010" ind1=" " ind2=" ">
    <subfield code="a">B-348743-754</subfield>
  </datafield>
  <datafield tag="020" ind1=" " ind2=" ">
    <subfield code="a">9781846041419</subfield>
    <subfield code="c">&#xA3;9.99 (Rs. 791.20)</subfield>
  </datafield>
  <datafield tag="035" ind1=" " ind2=" ">
    <subfield code="a">B-348743-754</subfield>
  </datafield>
  <datafield tag="037" ind1=" " ind2=" ">
    <subfield code="b">UBH</subfield>
  </datafield>
  <datafield tag="040" ind1=" " ind2=" ">
    <subfield code="a">dpl</subfield>
    <subfield code="b">English</subfield>
  </datafield>
  <datafield tag="082" ind1=" " ind2=" ">
    <subfield code="a">204.4</subfield>
  </datafield>
  <datafield tag="100" ind1=" " ind2=" ">
    <subfield code="a">Chopra, Deepak</subfield>
  </datafield>
  <datafield tag="245" ind1=" " ind2=" ">
    <subfield code="a">Why is God laughing ?:</subfield>
    <subfield code="b">one man's journey to joy and spritual optimism /</subfield>
    <subfield code="c">by Deepak Chopra; foreworded by Mike Myers</subfield>
  </datafield>
  <datafield tag="260" ind1=" " ind2=" ">
    <subfield code="a">New York</subfield>
    <subfield code="b">Rider Books</subfield>
    <subfield code="c">2008</subfield>
  </datafield>
  <datafield tag="300" ind1=" " ind2=" ">
    <subfield code="a">187p.</subfield>
    <subfield code="c">22cm.(pbk)</subfield>
  </datafield>
  <datafield tag="942" ind1=" " ind2=" ">
    <subfield code="2">ddc</subfield>
    <subfield code="c">EN</subfield>
    <subfield code="h">204.4</subfield>
    <subfield code="m">CHO</subfield>
  </datafield>
  <datafield tag="999" ind1=" " ind2=" ">
    <subfield code="c">23910</subfield>
    <subfield code="d">23910</subfield>
  </datafield>
  <datafield tag="952" ind1=" " ind2=" ">
    <subfield code="0">0</subfield>
    <subfield code="1">0</subfield>
    <subfield code="2">ddc</subfield>
    <subfield code="4">0</subfield>
    <subfield code="7">0</subfield>
    <subfield code="8">NFIC</subfield>
    <subfield code="a">L</subfield>
    <subfield code="b">L</subfield>
    <subfield code="d">2009-02-17</subfield>
    <subfield code="e">UBH/037/27.6.09/70/5.6.09/27.7.09</subfield>
    <subfield code="g">791.20</subfield>
    <subfield code="l">0</subfield>
    <subfield code="o">204.4 CHO</subfield>
    <subfield code="p">B-348743</subfield>
    <subfield code="r">2009-02-17 00:00:00</subfield>
    <subfield code="t">1</subfield>
    <subfield code="v">791.20</subfield>
    <subfield code="w">2009-02-17</subfield>
    <subfield code="y">EN</subfield>
  </datafield>
  <datafield tag="952" ind1=" " ind2=" ">
    <subfield code="0">0</subfield>
    <subfield code="1">0</subfield>
    <subfield code="2">ddc</subfield>
    <subfield code="4">0</subfield>
    <subfield code="7">0</subfield>
    <subfield code="8">NFIC</subfield>
    <subfield code="a">M</subfield>
    <subfield code="b">M</subfield>
    <subfield code="d">2009-10-30</subfield>
    <subfield code="e">UBH/037/27.6.09/70/5.6.09/27.7.09</subfield>
    <subfield code="g">791.20</subfield>
    <subfield code="l">0</subfield>
    <subfield code="o">204.4 CHO</subfield>
    <subfield code="p">B-348744</subfield>
    <subfield code="r">2009-10-30 00:00:00</subfield>
    <subfield code="t">2</subfield>
    <subfield code="v">791.20</subfield>
    <subfield code="w">2009-10-30</subfield>
    <subfield code="y">EN</subfield>
  </datafield>
  <datafield tag="952" ind1=" " ind2=" ">
    <subfield code="0">0</subfield>
    <subfield code="1">0</subfield>
    <subfield code="2">ddc</subfield>
    <subfield code="4">0</subfield>
    <subfield code="7">0</subfield>
    <subfield code="8">NFIC</subfield>
    <subfield code="a">M</subfield>
    <subfield code="b">M</subfield>
    <subfield code="d">2009-10-30</subfield>
    <subfield code="e">UBH/037/27.6.09/70/5.6.09/27.7.09</subfield>
    <subfield code="g">791.20</subfield>
    <subfield code="l">0</subfield>
    <subfield code="o">204.4 CHO</subfield>
    <subfield code="p">B-348745</subfield>
    <subfield code="r">2009-10-30 00:00:00</subfield>
    <subfield code="t">2</subfield>
    <subfield code="v">791.20</subfield>
    <subfield code="w">2009-10-30</subfield>
    <subfield code="y">EN</subfield>
  </datafield>
  <datafield tag="952" ind1=" " ind2=" ">
    <subfield code="0">1</subfield>
    <subfield code="1">0</subfield>
    <subfield code="2">ddc</subfield>
    <subfield code="4">0</subfield>
    <subfield code="7">0</subfield>
    <subfield code="8">NFIC</subfield>
    <subfield code="a">BL1</subfield>
    <subfield code="b">BL1</subfield>
    <subfield code="d">2009-10-30</subfield>
    <subfield code="e">UBH/037/27.6.09/70/5.6.09/27.7.09</subfield>
    <subfield code="g">791.20</subfield>
    <subfield code="l">1</subfield>
    <subfield code="o">204.4 CHO</subfield>
    <subfield code="p">B-348746</subfield>
    <subfield code="r">2019-03-05 00:00:00</subfield>
    <subfield code="s">2019-02-18</subfield>
    <subfield code="t">1</subfield>
    <subfield code="v">791.20</subfield>
    <subfield code="w">2009-10-30</subfield>
    <subfield code="y">EN</subfield>
  </datafield>
  <datafield tag="952" ind1=" " ind2=" ">
    <subfield code="0">0</subfield>
    <subfield code="1">0</subfield>
    <subfield code="2">ddc</subfield>
    <subfield code="4">0</subfield>
    <subfield code="7">0</subfield>
    <subfield code="8">NFIC</subfield>
    <subfield code="a">JP</subfield>
    <subfield code="b">JP</subfield>
    <subfield code="d">2009-10-30</subfield>
    <subfield code="e">UBH/037/27.6.09/70/5.6.09/27.7.09</subfield>
    <subfield code="g">791.20</subfield>
    <subfield code="l">43</subfield>
    <subfield code="m">5</subfield>
    <subfield code="o">204.4 CHO</subfield>
    <subfield code="p">B-348747</subfield>
    <subfield code="r">2025-07-08 00:00:00</subfield>
    <subfield code="s">2025-06-27</subfield>
    <subfield code="t">1</subfield>
    <subfield code="v">791.20</subfield>
    <subfield code="y">EN</subfield>
  </datafield>
  <datafield tag="952" ind1=" " ind2=" ">
    <subfield code="0">0</subfield>
    <subfield code="1">0</subfield>
    <subfield code="2">ddc</subfield>
    <subfield code="4">0</subfield>
    <subfield code="7">0</subfield>
    <subfield code="8">NFIC</subfield>
    <subfield code="a">ZLS</subfield>
    <subfield code="b">ZLS</subfield>
    <subfield code="d">2009-10-30</subfield>
    <subfield code="e">UBH/037/27.6.09/70/5.6.09/27.7.09</subfield>
    <subfield code="g">791.20</subfield>
    <subfield code="l">0</subfield>
    <subfield code="o">204.4 CHO</subfield>
    <subfield code="p">B-348748</subfield>
    <subfield code="r">2009-10-30 00:00:00</subfield>
    <subfield code="t">1</subfield>
    <subfield code="v">791.20</subfield>
    <subfield code="w">2009-10-30</subfield>
    <subfield code="y">EN</subfield>
  </datafield>
  <datafield tag="952" ind1=" " ind2=" ">
    <subfield code="0">0</subfield>
    <subfield code="1">0</subfield>
    <subfield code="2">ddc</subfield>
    <subfield code="4">0</subfield>
    <subfield code="7">0</subfield>
    <subfield code="8">NFIC</subfield>
    <subfield code="a">RKP</subfield>
    <subfield code="b">RKP</subfield>
    <subfield code="d">2009-10-30</subfield>
    <subfield code="e">UBH/037/27.6.09/70/5.6.09/27.7.09</subfield>
    <subfield code="g">791.20</subfield>
    <subfield code="l">3</subfield>
    <subfield code="o">204.4 CHO</subfield>
    <subfield code="p">B-348749</subfield>
    <subfield code="r">2023-07-12 00:00:00</subfield>
    <subfield code="s">2023-06-24</subfield>
    <subfield code="t">1</subfield>
    <subfield code="v">791.20</subfield>
    <subfield code="w">2009-10-30</subfield>
    <subfield code="y">EN</subfield>
  </datafield>
  <datafield tag="952" ind1=" " ind2=" ">
    <subfield code="0">0</subfield>
    <subfield code="1">0</subfield>
    <subfield code="2">ddc</subfield>
    <subfield code="4">0</subfield>
    <subfield code="7">0</subfield>
    <subfield code="8">NFIC</subfield>
    <subfield code="a">AG</subfield>
    <subfield code="b">AG</subfield>
    <subfield code="d">2009-10-30</subfield>
    <subfield code="e">UBH/037/27.6.09/70/5.6.09/27.7.09</subfield>
    <subfield code="g">791.20</subfield>
    <subfield code="l">1</subfield>
    <subfield code="o">204.4 CHO</subfield>
    <subfield code="p">B-348750</subfield>
    <subfield code="r">2019-03-15 00:00:00</subfield>
    <subfield code="s">2019-03-01</subfield>
    <subfield code="t">1</subfield>
    <subfield code="v">791.20</subfield>
    <subfield code="w">2009-10-30</subfield>
    <subfield code="y">EN</subfield>
  </datafield>
  <datafield tag="952" ind1=" " ind2=" ">
    <subfield code="0">0</subfield>
    <subfield code="1">0</subfield>
    <subfield code="2">ddc</subfield>
    <subfield code="4">0</subfield>
    <subfield code="7">0</subfield>
    <subfield code="8">NFIC</subfield>
    <subfield code="a">VP</subfield>
    <subfield code="b">VP</subfield>
    <subfield code="d">2009-10-30</subfield>
    <subfield code="e">UBH/037/27.6.09/70/5.6.09/27.7.09</subfield>
    <subfield code="g">791.20</subfield>
    <subfield code="l">23</subfield>
    <subfield code="m">2</subfield>
    <subfield code="o">204.4 CHO</subfield>
    <subfield code="p">B-348752</subfield>
    <subfield code="r">2016-08-03 00:00:00</subfield>
    <subfield code="s">2016-07-08</subfield>
    <subfield code="t">1</subfield>
    <subfield code="v">791.20</subfield>
    <subfield code="w">2009-10-30</subfield>
    <subfield code="y">EN</subfield>
  </datafield>
  <datafield tag="952" ind1=" " ind2=" ">
    <subfield code="0">0</subfield>
    <subfield code="1">0</subfield>
    <subfield code="2">ddc</subfield>
    <subfield code="4">0</subfield>
    <subfield code="7">0</subfield>
    <subfield code="8">NFIC</subfield>
    <subfield code="a">BL3</subfield>
    <subfield code="b">BL3</subfield>
    <subfield code="d">2009-10-30</subfield>
    <subfield code="e">UBH/037/27.6.09/70/5.6.09/27.7.09</subfield>
    <subfield code="g">791.20</subfield>
    <subfield code="l">0</subfield>
    <subfield code="o">204.4 CHO</subfield>
    <subfield code="p">B-348753</subfield>
    <subfield code="r">2009-10-30 00:00:00</subfield>
    <subfield code="t">1</subfield>
    <subfield code="v">791.20</subfield>
    <subfield code="w">2009-10-30</subfield>
    <subfield code="y">EN</subfield>
  </datafield>
  <datafield tag="952" ind1=" " ind2=" ">
    <subfield code="0">0</subfield>
    <subfield code="1">0</subfield>
    <subfield code="2">ddc</subfield>
    <subfield code="4">0</subfield>
    <subfield code="7">0</subfield>
    <subfield code="8">NFIC</subfield>
    <subfield code="a">BL4</subfield>
    <subfield code="b">BL4</subfield>
    <subfield code="d">2009-10-30</subfield>
    <subfield code="e">UBH/037/27.6.09/70/5.6.09/27.7.09</subfield>
    <subfield code="g">791.20</subfield>
    <subfield code="l">0</subfield>
    <subfield code="o">204.4 CHO</subfield>
    <subfield code="p">B-348754</subfield>
    <subfield code="r">2009-10-30 00:00:00</subfield>
    <subfield code="t">1</subfield>
    <subfield code="v">791.20</subfield>
    <subfield code="w">2009-10-30</subfield>
    <subfield code="y">EN</subfield>
  </datafield>
  <datafield tag="952" ind1=" " ind2=" ">
    <subfield code="0">0</subfield>
    <subfield code="1">0</subfield>
    <subfield code="2">ddc</subfield>
    <subfield code="4">0</subfield>
    <subfield code="7">0</subfield>
    <subfield code="8">NFIC</subfield>
    <subfield code="a">ZLS</subfield>
    <subfield code="b">ZLS</subfield>
    <subfield code="d">2009-10-30</subfield>
    <subfield code="e">UBH/037/27.6.09/70/5.6.09/27.7.09</subfield>
    <subfield code="g">791.20</subfield>
    <subfield code="l">3</subfield>
    <subfield code="m">1</subfield>
    <subfield code="o">204.4 CHO</subfield>
    <subfield code="p">B-348751</subfield>
    <subfield code="r">2025-11-17 00:00:00</subfield>
    <subfield code="s">2025-10-18</subfield>
    <subfield code="t">1</subfield>
    <subfield code="v">791.20</subfield>
    <subfield code="y">EN</subfield>
  </datafield>
</record>
